1711 1768 1748 1260 1220 1295 1706 1169 1424 1402 1519 1817 1934 1846 1185 1225 1700 1126 1914 1101 1894 1847 1753 1801 1837 1689 1695 1333 1234 1778 1234 1316 1998 1381 1829 1044 1879 1321 1907 1809 1325 1098 1003 1650 1611 1657 1431 1778 1414 1338 1641 1965 1274 1151 1408 1925 1459 1753 1455 1700 1830 1911 1328 1688 1848 1986 1409 1009 1236 1865 1121 1376 1812 1042 1532 1333 1098 1621 1933 1169 1335 1269 1105 1428 1439 1986 1081 1141 1491 1160 1926 1384 1737 1450 1314 1450 1775 1395 1998 BCNSPRNW ULIB Ver.6.0+V

เปลี่ยนเป็นภาษาไทย

Change to English
 แสดงรายละเอียดบรรณานุกรม
  กลับหน้าหลัก

Brief Record : Get Marc (ISO 2709) : E-mail record : QR code < ปิดหน้าต่าง
LEADER : 00000nam 2200000uu 4500
001    13399112854
003     ULIB
008    110914s2551||||th 000 0 tha d
020    9789741095605
090    นว.^bฉ519ต 2551
100 0  เฉี่ยนเฉ่าโม่ลี่
245 00 ตำรับรักมัดหัวใจ/^cเฉี่ยนเฉ่าโม่ลี่
250    พิมพ์ครั้งที่ 1
260    กรุงเทพฯ :^bแจ่มใส,^c2551
300    281 หน้า
710 1  แจ่มใส
945    ^p149^l0^i15831
995    กัณชพร
999     ^aใช้งานได้ทุกระบบ
รายการนี้ยังไม่มีแท็ก
คุณยังไม่ได้ล็อกอิน คุณสามารถมีกิจกรรมร่วมกับเว็บไซต์ได้ แต่ต้องล็อกอินก่อน ::
  ล็อกอิน

รายการสื่อสารสนเทศ

ลำดับที่ ประเภท เลขเรียก/บาร์โค้ด สถานที่ สถานะ
1. วิทยาศาสตร์การแพทย์ และสุขภาพ
วิทยาศาสตร์การแพทย์ และสุขภาพ
นว. ฉ519ต 2551  
  Barcode: 15831
ห้องสมุดวิทยาเขตสวรรค์ประชารักษ์
►นวนิยาย
บนชั้น
  ขอยืม

BibComment


ยังไม่เคยถูกคอมเมนท์

คอมเมนท์ทรัพยากรรายการนี้
  คอมเมนท์: ตำรับรักมัดหัวใจ ..


 Copyright 2026. Bcnsprnw @Library